[Event "45th Olympiad 2024"]
[Site "Budapest HUN"]
[Date "2024.09.18"]
[Round "7.33"]
[White "Cori, Jorge"]
[Black "Oatlhotse, Providence"]
[Result "1-0"]
[WhiteElo "2609"]
[BlackElo "2239"]
[TimeControl "40/5400+30:1800+30\""]
[EventDate "2024.09.11"]
[Board "1"]
[WhiteFideId "3802272"]
[BlackFideId "11300507"]
[WhiteTeam "Peru"]
[BlackTeam "Botswana"]

1. d4 Nf6 2. c4 g6 3. Nc3 Bg7 4. e4 d6 5. h3 Nbd7 6. Be3 e5 7. d5 Nc5 8.
Qc2 a5 9. g4 c6 10. Be2 cxd5 11. cxd5 O-O 12. g5 Ne8 13. Nf3 Bd7 14. h4 Rc8
15. Nd2 f5 16. Bxc5 Rxc5 17. Qb3 Rf7 18. a4 Bf8 19. Nc4 h6 20. f4 exf4 21.
e5 hxg5 22. e6 Rh7 23. O-O-O Bc8 24. hxg5 Rxh1 25. Rxh1 Qxg5 26. Kb1 Bg7
27. Nb5 Qe7 28. Nb6 Qd8 29. Na7 g5 30. Bd3 Bxe6 31. dxe6 d5 32. Nd7 Rc6 33.
Qxd5 Qe7 34. Nxc6 bxc6 35. Qxf5 Nf6 36. Qg6 1-0

[Event "45th Olympiad 2024"]
[Site "Budapest HUN"]
[Date "2024.09.18"]
[Round "7.33"]
[White "Notha, Moakofi"]
[Black "Flores Quillas, Diego Saul Rodri"]
[Result "0-1"]
[WhiteElo "1996"]
[BlackElo "2451"]
[TimeControl "40/5400+30:1800+30\""]
[EventDate "2024.09.11"]
[Board "2"]
[WhiteFideId "11300710"]
[BlackFideId "3822508"]
[WhiteTeam "Botswana"]
[BlackTeam "Peru"]

1. e4 c5 2. d3 Nc6 3. Nf3 g6 4. g3 Bg7 5. Bg2 e5 6. O-O Nge7 7. Bg5 f6 8.
Be3 d6 9. Nbd2 Be6 10. a4 b6 11. Ne1 Qd7 12. Nc4 O-O 13. c3 f5 14. Qe2 f4
15. Bd2 g5 16. f3 h5 17. Nc2 Ng6 18. b4 cxb4 19. Nxb4 Nxb4 20. cxb4 d5 21.
exd5 Bxd5 22. Bc3 Rae8 23. Bb2 fxg3 24. hxg3 h4 25. Qe3 hxg3 26. Qxg5 Nf4
27. Nxe5 Qf5 28. Qg4 Qxg4 29. fxg4 Nxg2 30. d4 Nf4 0-1

[Event "45th Olympiad 2024"]
[Site "Budapest HUN"]
[Date "2024.09.18"]
[Round "7.33"]
[White "Fernandez Sanchez, Fernando Miguel"]
[Black "Monnaatsheko, Keletshabile"]
[Result "1-0"]
[WhiteElo "2399"]
[BlackElo "2064"]
[TimeControl "40/5400+30:1800+30\""]
[EventDate "2024.09.11"]
[Board "3"]
[WhiteFideId "3802299"]
[BlackFideId "11302941"]
[WhiteTeam "Peru"]
[BlackTeam "Botswana"]

1. c4 c5 2. g3 g6 3. Bg2 Bg7 4. Nc3 Nc6 5. Nf3 d6 6. O-O e5 7. a3 Nge7 8.
b4 O-O 9. Rb1 Rb8 10. d3 b6 11. Bg5 f6 12. Bd2 Be6 13. Ne1 cxb4 14. axb4 d5
15. Qa4 Qd7 16. b5 Na5 17. cxd5 Nxd5 18. Nxd5 Bxd5 19. Bxd5+ Qxd5 20. Bxa5
bxa5 21. Qxa5 Rfc8 22. Ng2 Bh6 23. Qxa7 Rb7 24. Qa6 f5 25. Rb4 Rcb8 26. b6
Bf8 27. Rb5 Qc6 28. Rxe5 Rxb6 29. Qa2+ Kh8 30. Nf4 Rb2 31. Qe6 Qa8 32. e4
fxe4 33. Nxg6+ Kg7 34. Rg5 Kh6 35. Nf4+ 1-0

[Event "45th Olympiad 2024"]
[Site "Budapest HUN"]
[Date "2024.09.18"]
[Round "7.33"]
[White "Bayani, Kuda"]
[Black "Delgado Romero, Marco"]
[Result "0-1"]
[WhiteElo "1931"]
[BlackElo "2390"]
[TimeControl "40/5400+30:1800+30\""]
[EventDate "2024.09.11"]
[Board "4"]
[WhiteFideId "11305924"]
[BlackFideId "3832457"]
[WhiteTeam "Botswana"]
[BlackTeam "Peru"]

1. d4 Nf6 2. Nf3 g6 3. Bf4 Bg7 4. e3 d6 5. h3 O-O 6. Be2 Nfd7 7. c4 e5 8.
Bh2 Nc6 9. Nc3 Kh8 10. Rc1 f5 11. a3 Bh6 12. dxe5 Ndxe5 13. c5 f4 14. exf4
Nxf3+ 15. Bxf3 Qe8+ 16. Ne2 Bg7 17. O-O Bxb2 18. Rc2 Bg7 19. cxd6 cxd6 20.
Qxd6 Bf5 21. Bxc6 bxc6 22. Rd2 Rd8 23. Qb4 c5 24. Qa5 Rxd2 25. Qxd2 Qa4 26.
g4 Bc8 27. Nc3 Qxa3 28. Rc1 Bb7 29. Bg3 Qa6 30. Qe2 Qxe2 31. Nxe2 Re8 32.
Rc2 Be4 33. Ra2 Bd3 34. Kf1 c4 35. f5 c3 36. Bf4 c2 0-1

[Event "45th Olympiad 2024"]
[Site "Budapest HUN"]
[Date "2024.09.18"]
[Round "7.34"]
[White "Noboa Silva, Kevin"]
[Black "Murphy, Conor E"]
[Result "1/2-1/2"]
[WhiteElo "2270"]
[BlackElo "2453"]
[TimeControl "40/5400+30:1800+30\""]
[EventDate "2024.09.11"]
[Board "1"]
[WhiteFideId "3618471"]
[BlackFideId "421669"]
[WhiteTeam "Ecuador"]
[BlackTeam "Ireland"]

1. d4 Nf6 2. c4 e6 3. Nc3 Bb4 4. e3 d5 5. a3 Be7 6. Nf3 O-O 7. Bd3 dxc4 8.
Bxc4 a6 9. O-O b5 10. Bd3 c5 11. dxc5 Bxc5 12. b4 Be7 13. Qe2 Bb7 14. Rd1
Nbd7 15. Bb2 h6 16. Rac1 Rc8 17. e4 Qe8 18. Qe3 Bd8 19. a4 Bb6 20. Qe2 Ng4
21. Rf1 Nde5 22. Nxe5 Nxe5 23. axb5 Nxd3 24. Qxd3 axb5 25. Nxb5 Rxc1 26.
Rxc1 Bxe4 27. Qg3 f6 28. Nd6 Qg6 29. Qxg6 Bxg6 30. Nc8 Bd8 31. b5 Bd3 32.
Ba3 Bxb5 33. Bxf8 Kxf8 34. Rd1 Bc7 35. Rb1 Ba6 36. Ra1 Bxc8 37. Ra8 Be5 38.
Rxc8+ Kf7 39. g3 h5 40. Kg2 f5 41. Rc5 Bd4 42. Rc7+ Kf6 43. Rd7 Bc3 44. Kf3
Bb2 45. Ke3 Bc3 46. Rc7 Ba5 47. Rc6 Be1 48. Rc2 Bb4 49. Kd4 g6 50. Kc4 Bd6
51. Kb5 h4 52. Kc6 Bb8 53. Kd7 hxg3 54. hxg3 Kf7 55. Rb2 Ba7 56. Re2 e5 57.
f3 Bd4 58. Kd6 Kf6 59. Kd5 Bc3 60. Kc4 Ba5 61. Kd5 Bc3 62. Re3 Bd4 63. Re2
1/2-1/2

[Event "45th Olympiad 2024"]
[Site "Budapest HUN"]
[Date "2024.09.18"]
[Round "7.34"]
[White "Baburin, Alexander"]
[Black "Garzon Zapatanga, Christopher Leonel"]
[Result "1-0"]
[WhiteElo "2376"]
[BlackElo "2216"]
[TimeControl "40/5400+30:1800+30\""]
[EventDate "2024.09.11"]
[Board "2"]
[WhiteFideId "2500914"]
[BlackFideId "3634787"]
[WhiteTeam "Ireland"]
[BlackTeam "Ecuador"]

1. d4 Nf6 2. c4 g6 3. Nf3 Bg7 4. g3 c6 5. Nc3 d5 6. cxd5 cxd5 7. Ne5 O-O 8.
Bg2 Nc6 9. O-O Bf5 10. Nxc6 bxc6 11. Bf4 Ne4 12. Na4 Qa5 13. a3 Nd6 14. Nc5
Nc4 15. b4 Qb6 16. e4 dxe4 17. Qe2 Nd6 18. Be5 f6 19. Bf4 Qb5 20. Qa2+ Kh8
21. Rfe1 a5 22. bxa5 Qxa5 23. Nxe4 Nb5 24. Qc4 Rad8 25. Be3 Bxe4 26. Bxe4
f5 27. Bxc6 Nxd4 28. Rad1 e5 29. a4 f4 30. Bxd4 Rxd4 31. Qb5 Qc3 32. Rc1
Qd2 33. Qe2 fxg3 34. hxg3 Qg5 35. Rc2 h5 36. Qe3 Qf6 37. Kg2 Kh7 38. a5 h4
39. Be4 Bh6 40. Qe2 hxg3 41. fxg3 Rfd8 42. Qg4 Rd2+ 43. Re2 Rxc2 44. Rxc2
Rf8 45. Qe2 Rd8 46. a6 Qe7 47. Rb2 Rd7 48. Qg4 Rd2+ 49. Rxd2 Bxd2 50. Qxg6+
Kh8 51. Qb6 1-0

[Event "45th Olympiad 2024"]
[Site "Budapest HUN"]
[Date "2024.09.18"]
[Round "7.34"]
[White "Mieles Palau, Daniel"]
[Black "Kanyamarala, Tarun"]
[Result "1/2-1/2"]
[WhiteElo "2321"]
[BlackElo "2361"]
[TimeControl "40/5400+30:1800+30\""]
[EventDate "2024.09.11"]
[Board "3"]
[WhiteFideId "3600467"]
[BlackFideId "45004714"]
[WhiteTeam "Ecuador"]
[BlackTeam "Ireland"]

1. c4 e6 2. Nf3 d5 3. e3 Nf6 4. b3 c5 5. Bb2 Nc6 6. cxd5 exd5 7. Be2 Bd6 8.
O-O O-O 9. d4 cxd4 10. Nxd4 Qe7 11. Nc3 Rd8 12. Rc1 Nxd4 13. Qxd4 Be5 14.
Qd3 d4 15. Nd1 dxe3 16. Qxe3 Re8 17. Bxe5 Qxe5 18. Qxe5 Rxe5 19. Ne3 Re7
20. Bf3 Be6 21. Rfd1 Rb8 22. h3 h6 23. Nd5 Nxd5 24. Bxd5 Bxd5 25. Rxd5 Rbe8
26. Rc2 Re1+ 27. Kh2 R1e2 28. Rdd2 Rxd2 29. Rxd2 Re7 30. Kg3 g6 31. Kf3
1/2-1/2

[Event "45th Olympiad 2024"]
[Site "Budapest HUN"]
[Date "2024.09.18"]
[Round "7.34"]
[White "O'Gorman, Tom"]
[Black "Munoz Sanchez, Miguel"]
[Result "1-0"]
[WhiteElo "2353"]
[BlackElo "2181"]
[TimeControl "40/5400+30:1800+30\""]
[EventDate "2024.09.11"]
[Board "4"]
[WhiteFideId "2508249"]
[BlackFideId "3600734"]
[WhiteTeam "Ireland"]
[BlackTeam "Ecuador"]

1. d4 Nf6 2. c4 d6 3. Nc3 e5 4. Nf3 e4 5. Nd2 Qe7 6. Qc2 e3 7. fxe3 c5 8.
Nf3 Nc6 9. a3 g6 10. Nd5 Nxd5 11. cxd5 Nb8 12. e4 Bg7 13. Bg5 f6 14. Bh4
O-O 15. dxc5 Nd7 16. cxd6 Qxd6 17. Bg3 Ne5 18. e3 f5 19. Be2 fxe4 20. Qxe4
Nxf3+ 21. Bxf3 Qb6 22. d6 Bf5 23. Qd5+ Kh8 24. O-O Qxe3+ 25. Kh1 Bxb2 26.
Rae1 Qg5 27. Qxb7 Bf6 28. Re7 Qh6 29. Rf7 Rxf7 30. Qxf7 Rf8 31. Qxa7 Qg5
32. Qc5 Kg7 33. Be5 Rf7 34. Rd1 h5 35. Qd4 Bd7 36. Bxf6+ Qxf6 37. Kg1 Kf8
38. Be2 Qxd4+ 39. Rxd4 1-0

[Event "45th Olympiad 2024"]
[Site "Budapest HUN"]
[Date "2024.09.18"]
[Round "7.35"]
[White "Ferreira, Jorge Viterbo"]
[Black "Tissir, Mohamed"]
[Result "1-0"]
[WhiteElo "2535"]
[BlackElo "2355"]
[TimeControl "40/5400+30:1800+30\""]
[EventDate "2024.09.11"]
[Board "1"]
[WhiteFideId "1910850"]
[BlackFideId "9000240"]
[WhiteTeam "Portugal"]
[BlackTeam "Morocco"]

1. d4 Nf6 2. c4 g6 3. Nc3 Bg7 4. e4 d6 5. Nf3 O-O 6. Be2 e5 7. Be3 Nbd7 8.
O-O Qe7 9. Qc2 c6 10. Rad1 Re8 11. d5 c5 12. Ne1 Rf8 13. Kh1 Ne8 14. g4 Kh8
15. Rg1 Ndf6 16. Rg3 Ng8 17. Qd2 Nef6 18. a3 b6 19. f3 Nd7 20. Ng2 a6 21.
Rb1 Qd8 22. Bd3 Rb8 23. b4 Qc7 24. Rg1 Qd8 25. Ne1 Re8 26. Bc2 Qc7 27. Bd3
Qd8 28. Be2 Bb7 29. Nd3 Qc7 30. Nf2 Rec8 31. b5 Ra8 32. bxa6 Bxa6 33. h4 h6
34. Nfd1 Re8 35. Nb2 Qd8 36. Rh3 Rf8 37. Bd3 Qe7 38. Rh2 Rfb8 39. Ra1 Kh7
40. Nb5 Rc8 41. Qe2 Ngf6 42. Nc3 Rcb8 43. Bc2 Ne8 44. Bd2 Nc7 45. Bd3 Bc8
46. Nbd1 Kg8 47. Ne3 Nf6 48. Nb5 h5 49. Qg2 Nxb5 50. cxb5 Ra4 51. g5 Ne8
52. Nc4 Nc7 53. Nb2 Ra7 54. Qe2 Bd7 55. a4 Qe8 56. Rb1 Bf8 57. Bc2 Nxb5 58.
axb5 Bxb5 59. Qf2 Rba8 60. Bc3 Ra1 61. Rg2 Rxb1+ 62. Bxb1 Ra3 63. Nd1 Qd7
64. Kh2 Ra7 65. Bb2 Ba6 66. f4 Qa4 67. Bc2 Qc4 68. fxe5 dxe5 69. Ne3 Qa2
70. Bxe5 Be7 71. Qf4 Qa3 72. Rf2 Bd8 73. Bf6 Bxf6 74. gxf6 Kh7 75. e5 1-0

[Event "45th Olympiad 2024"]
[Site "Budapest HUN"]
[Date "2024.09.18"]
[Round "7.35"]
[White "Elbilia, Jacques"]
[Black "Pereira, Ruben"]
[Result "0-1"]
[WhiteElo "2343"]
[BlackElo "2457"]
[TimeControl "40/5400+30:1800+30\""]
[EventDate "2024.09.11"]
[Board "2"]
[WhiteFideId "9000127"]
[BlackFideId "1903063"]
[WhiteTeam "Morocco"]
[BlackTeam "Portugal"]

1. d4 d5 2. c4 e6 3. Nc3 Nf6 4. cxd5 exd5 5. Bg5 Bb4 6. Qb3 c5 7. dxc5 Nc6
8. O-O-O Be6 9. Nf3 Qa5 10. Bxf6 d4 11. Qa4 dxc3 12. Qxa5 cxb2+ 13. Kxb2
Nxa5 14. Bxg7 Rg8 15. Bc3 Bxc3+ 16. Kxc3 Rc8 17. e4 Rxc5+ 18. Kd4 b6 19. g3
Ke7 20. Be2 Rc2 21. Ke3 Rc3+ 22. Rd3 Nc4+ 0-1

[Event "45th Olympiad 2024"]
[Site "Budapest HUN"]
[Date "2024.09.18"]
[Round "7.35"]
[White "Sousa, Andre Ventura"]
[Black "Moayad, Anas"]
[Result "1-0"]
[WhiteElo "2403"]
[BlackElo "2016"]
[TimeControl "40/5400+30:1800+30\""]
[EventDate "2024.09.11"]
[Board "3"]
[WhiteFideId "1917617"]
[BlackFideId "9011900"]
[WhiteTeam "Portugal"]
[BlackTeam "Morocco"]

1. e4 c5 2. Nf3 d6 3. d4 cxd4 4. Nxd4 Nf6 5. Nc3 a6 6. f3 e5 7. Nb3 Be7 8.
Be3 Be6 9. Qd2 Nbd7 10. g4 h6 11. O-O-O b5 12. Kb1 Nb6 13. Na5 Qc7 14. Bxb6
Qxb6 15. Nd5 Nxd5 16. exd5 Bg5 17. Qb4 Bd7 18. Nc4 bxc4 19. Qxb6 Ke7 20.
Bxc4 Rhb8 21. Qa5 Rc8 22. Bd3 Rc5 23. Qb6 a5 24. Rhe1 a4 25. Rxe5+ Kf8 26.
Qxd6+ 1-0

[Event "45th Olympiad 2024"]
[Site "Budapest HUN"]
[Date "2024.09.18"]
[Round "7.35"]
[White "Nait, Elasri Brahim"]
[Black "Barria Santos, Jose Guilherme"]
[Result "0-1"]
[WhiteElo "1994"]
[BlackElo "2411"]
[TimeControl "40/5400+30:1800+30\""]
[EventDate "2024.09.11"]
[Board "4"]
[WhiteFideId "9017518"]
[BlackFideId "1939300"]
[WhiteTeam "Morocco"]
[BlackTeam "Portugal"]

1. e4 c5 2. Nf3 d6 3. d4 cxd4 4. Nxd4 Nf6 5. Nc3 a6 6. f3 e6 7. Bg5 Be7 8.
Qd2 b5 9. O-O-O Bb7 10. g4 Nbd7 11. h4 Nb6 12. Qf2 b4 13. Nce2 Qc7 14. Ng3
O-O-O 15. Qe1 h6 16. Bd2 d5 17. e5 Nfd7 18. f4 g5 19. Nh5 Nc4 20. Bxc4 dxc4
21. Rh3 Qb6 22. Be3 gxf4 23. Nf5 fxe3 24. Nxe7+ Kc7 25. Nf4 Rhe8 26. Rd6
Qa5 27. Neg6 Qxa2 28. Qxe3 fxg6 29. Nxg6 Qa1+ 30. Kd2 Qxb2 31. Rh2 Nxe5 32.
Qb6+ Kc8 33. Ne7+ Kb8 34. Rxd8+ Rxd8+ 35. Qxd8+ Ka7 36. Rh3 c3+ 37. Ke1
Qc1+ 38. Qd1 Nf3+ 39. Rxf3 Qxd1+ 40. Kxd1 Bxf3+ 41. Kc1 Bxg4 42. Nc6+ Kb6
43. Nxb4 Kb5 44. Nd3 h5 45. Kb1 a5 46. Ka2 a4 47. Ka3 Bf5 48. Nb4 Be4 49.
Na2 Kc4 50. Nb4 Bh7 51. Kxa4 e5 52. Nc6 e4 53. Ne5+ Kd4 54. Nc6+ Kd5 55.
Ne7+ Kc4 56. Nc6 e3 57. Ne5+ Kd5 58. Nf3 Bxc2+ 59. Ka3 Be4 60. Ne1 Kc4 61.
Ka2 e2 62. Ka1 Kd4 63. Ka2 Ke3 0-1

[Event "45th Olympiad 2024"]
[Site "Budapest HUN"]
[Date "2024.09.18"]
[Round "7.36"]
[White "Kulaots, Kaido"]
[Black "Johnson, Joshua"]
[Result "1-0"]
[WhiteElo "2506"]
[BlackElo "2267"]
[TimeControl "40/5400+30:1800+30\""]
[EventDate "2024.09.11"]
[Board "1"]
[WhiteFideId "4500261"]
[BlackFideId "7700768"]
[WhiteTeam "Estonia"]
[BlackTeam "Trinidad & Tobago"]

1. e4 e5 2. Nf3 Nc6 3. Bb5 a6 4. Ba4 Nf6 5. O-O Be7 6. Re1 b5 7. Bb3 O-O 8.
a4 Bb7 9. d3 Re8 10. Nc3 Nd4 11. Nxd4 exd4 12. Ne2 c5 13. Ng3 d6 14. c3
dxc3 15. bxc3 Bf8 16. Bg5 h6 17. Bf4 Qd7 18. Bc2 Rac8 19. f3 g6 20. Qd2 Kh7
21. d4 Bg7 22. Red1 Qc6 23. Bb3 Re7 24. h4 c4 25. Bc2 Ree8 26. Qf2 h5 27.
Rdb1 Ra8 28. Ne2 Nd7 29. Qg3 d5 30. e5 Kg8 31. Bc1 Nf8 32. f4 f5 33. Ba3
Kh7 34. Kh2 Ne6 35. Ng1 Bh6 36. Nh3 Qd7 37. Bd6 Bc6 38. Qf3 Qf7 39. g3 Bf8
40. Bxf8 Rxf8 41. Qd1 Qe7 42. Qd2 Kg7 43. Ng1 Rfb8 44. Ne2 bxa4 45. Rxb8
Rxb8 46. Bxa4 Bxa4 47. Rxa4 Rb6 48. Ra2 Qb7 49. Kg2 Rb1 50. Kf2 Nc7 51. Ra5
Rb2 52. Qe3 Qb6 53. Rc5 Rb5 54. e6 Rxc5 55. Qe5+ Kg8 56. dxc5 Qxc5+ 57. Nd4
Qe7 58. Kf1 a5 59. Nc6 Qg7 60. Qd6 Kh7 61. Ne5 a4 62. e7 Ne8 63. Qc6 Qg8
64. Qxa4 Nf6 65. Nd7 Kg7 66. Nxf6 Kxf6 67. e8=Q 1-0

[Event "45th Olympiad 2024"]
[Site "Budapest HUN"]
[Date "2024.09.18"]
[Round "7.36"]
[White "Cabralis, Quinn"]
[Black "Volodin, Aleksandr"]
[Result "0-1"]
[WhiteElo "2169"]
[BlackElo "2457"]
[TimeControl "40/5400+30:1800+30\""]
[EventDate "2024.09.11"]
[Board "2"]
[WhiteFideId "7700440"]
[BlackFideId "4501950"]
[WhiteTeam "Trinidad & Tobago"]
[BlackTeam "Estonia"]

1. e4 c5 2. Nf3 e6 3. d4 cxd4 4. Nxd4 a6 5. c4 Nf6 6. Nc3 Qc7 7. a3 Be7 8.
Be3 d6 9. Be2 O-O 10. O-O b6 11. f4 Bb7 12. Bf3 Nc6 13. b4 Rac8 14. Rc1 Qb8
15. f5 Ne5 16. fxe6 Nxc4 17. Bg5 fxe6 18. Bg4 Nxg4 19. Qxg4 Bxg5 20. Qxg5
Rxf1+ 21. Rxf1 Re8 22. Nd5 Bxd5 23. exd5 h6 24. Qh5 Rf8 25. dxe6 Rxf1+ 26.
Kxf1 Qf8+ 27. Ke2 Qf4 28. Kd3 Ne5+ 29. Kc3 Qe3+ 30. Kc2 Qxd4 31. e7 Qe4+
32. Kd2 Ng6 0-1

[Event "45th Olympiad 2024"]
[Site "Budapest HUN"]
[Date "2024.09.18"]
[Round "7.36"]
[White "Kanep, Meelis"]
[Black "Cupid, Kevin"]
[Result "1-0"]
[WhiteElo "2367"]
[BlackElo "2201"]
[TimeControl "40/5400+30:1800+30\""]
[EventDate "2024.09.11"]
[Board "3"]
[WhiteFideId "4501047"]
[BlackFideId "7700512"]
[WhiteTeam "Estonia"]
[BlackTeam "Trinidad & Tobago"]

1. Nf3 d5 2. c4 e6 3. d4 Nf6 4. Nc3 Be7 5. Bg5 h6 6. Bxf6 Bxf6 7. e3 O-O 8.
Qc2 c5 9. dxc5 dxc4 10. Bxc4 Qa5 11. O-O Bxc3 12. Qxc3 Qxc3 13. bxc3 Nd7
14. c6 bxc6 15. Rfc1 Rb8 16. Rab1 Bb7 17. Nd4 c5 18. Nxe6 Rfe8 19. Nc7 Re4
20. Bd5 Bxd5 21. Rxb8+ Nxb8 22. Nxd5 Ra4 23. Rc2 Nc6 24. f3 f5 25. h3 Kf7
26. g4 g6 27. Kg2 Ne5 28. Kg3 Nc4 29. Kf2 Na3 30. Rb2 Nc4 31. Rc2 Na3 32.
Rb2 Nc4 33. Rc2 Na3 34. Re2 Ke6 35. Nf4+ Kf6 36. e4 fxe4 37. fxe4 g5 38.
e5+ Kg7 39. Nh5+ Kf7 40. e6+ Ke7 41. Ng7 Rf4+ 42. Kg3 Nb5 43. Nf5+ Ke8 44.
e7 Nc7 45. Ng7+ Kd7 46. e8=Q+ Nxe8 47. Rxe8 Ra4 48. Re2 Ra3 49. Rc2 Kd6 50.
Kf3 Kd5 51. Ke3 Kc4 52. Kd2 Ra6 53. Nf5 Kd5 54. Kd3 c4+ 55. Ke3 Re6+ 56.
Kf3 Ra6 57. Rd2+ Kc5 58. Ng3 Ra3 59. Ne4+ Kb5 60. Ke3 Kb6 1-0

[Event "45th Olympiad 2024"]
[Site "Budapest HUN"]
[Date "2024.09.18"]
[Round "7.36"]
[White "McIntosh, Isaiah"]
[Black "Timoshin, Andrei"]
[Result "1/2-1/2"]
[WhiteElo "2249"]
[BlackElo "2230"]
[TimeControl "40/5400+30:1800+30\""]
[EventDate "2024.09.11"]
[Board "4"]
[WhiteFideId "7703791"]
[BlackFideId "4503503"]
[WhiteTeam "Trinidad & Tobago"]
[BlackTeam "Estonia"]

1. d4 d5 2. c4 e6 3. Nf3 Nf6 4. g3 Bb4+ 5. Bd2 a5 6. Bg2 O-O 7. Qc2 c5 8.
cxd5 cxd4 9. Nxd4 Qb6 10. e3 exd5 11. O-O Nc6 12. Nxc6 bxc6 13. Rc1 Rb8 14.
Bxb4 Qxb4 15. b3 Be6 16. Nc3 Rfc8 17. Ne2 c5 18. Nf4 c4 19. Nxe6 fxe6 20.
Bh3 Kf7 21. bxc4 Rxc4 22. Qd1 Rbc8 23. Bf1 R4c7 24. Rxc7+ Rxc7 25. Rc1 Rxc1
26. Qxc1 Ne4 27. Qc7+ Kf8 28. Qd8+ Kf7 29. Qc7+ Kf8 30. Qd8+ Kf7 31. Qc7+
1/2-1/2

[Event "45th Olympiad 2024"]
[Site "Budapest HUN"]
[Date "2024.09.18"]
[Round "7.37"]
[White "Amartuvshin, Ganzorig"]
[Black "Khoder, Akram"]
[Result "0-1"]
[WhiteElo "2402"]
[BlackElo "2239"]
[TimeControl "40/5400+30:1800+30\""]
[EventDate "2024.09.11"]
[Board "1"]
[WhiteFideId "4902548"]
[BlackFideId "5306914"]
[WhiteTeam "Mongolia"]
[BlackTeam "Lebanon"]

1. d4 d5 2. c4 c6 3. Nc3 Nf6 4. Nf3 dxc4 5. a4 Bf5 6. Ne5 Nbd7 7. Nxc4 Qc7
8. g3 e5 9. dxe5 Nxe5 10. Bf4 Nfd7 11. Bg2 g5 12. Ne3 gxf4 13. Nxf5 O-O-O
14. O-O fxg3 15. hxg3 h5 16. Qc2 h4 17. Nxh4 Rxh4 18. gxh4 Ng4 19. Rfd1 Bc5
20. e3 Bxe3 21. Kf1 Bxf2 22. Qe4 f5 23. Qe6 Bc5 24. Rd3 Qf4+ 25. Bf3 Ne5
26. Nd5 Qxh4 27. Ne7+ Bxe7 28. Rc1 Nxd3 29. Rxc6+ Kb8 0-1

[Event "45th Olympiad 2024"]
[Site "Budapest HUN"]
[Date "2024.09.18"]
[Round "7.37"]
[White "Arkadan, Adib"]
[Black "Baasansuren, Erdene"]
[Result "0-1"]
[WhiteElo "2181"]
[BlackElo "2368"]
[TimeControl "40/5400+30:1800+30\""]
[EventDate "2024.09.11"]
[Board "2"]
[WhiteFideId "5304946"]
[BlackFideId "4902084"]
[WhiteTeam "Lebanon"]
[BlackTeam "Mongolia"]

1. e4 c5 2. Nf3 d6 3. d4 cxd4 4. Nxd4 Nf6 5. Nc3 a6 6. Be3 e5 7. Nf3 Be7 8.
Bc4 O-O 9. O-O Be6 10. Bb3 Nc6 11. Qe2 Na5 12. Rfd1 Nxb3 13. axb3 Qe8 14.
Bg5 Nh5 15. Nd2 f5 16. Bxe7 Nf4 17. Qe3 Qxe7 18. exf5 Rxf5 19. Nde4 d5 20.
Ng3 Qg5 21. Nce2 Rf6 22. Qd2 Rg6 23. f3 Rf8 24. c4 dxc4 25. Nxf4 exf4 26.
Ne4 Qh5 27. Ra5 Qxf3 28. Ng5 Qxb3 29. Kh1 h6 30. Ra3 c3 31. Qd3 Bf5 32.
Rxb3 Bxd3 33. Rxc3 Bb5 34. Nf3 Re8 35. h3 Bc6 36. Nh4 Rg3 37. Rd2 Rxc3 38.
bxc3 Re3 39. Kg1 Rxc3 40. Ng6 f3 41. gxf3 Rxf3 42. Kh2 Re3 43. h4 Kf7 44.
h5 Kf6 45. Rd8 a5 46. Rf8+ Kg5 47. Nf4 a4 48. Rf7 a3 49. Nh3+ Kh4 50. Nf4
Kg4 51. Ng6 Re2+ 52. Kg1 a2 0-1

[Event "45th Olympiad 2024"]
[Site "Budapest HUN"]
[Date "2024.09.18"]
[Round "7.37"]
[White "Amilal, Munkhdalai"]
[Black "Assaad, Joe"]
[Result "1-0"]
[WhiteElo "2374"]
[BlackElo "2150"]
[TimeControl "40/5400+30:1800+30\""]
[EventDate "2024.09.11"]
[Board "3"]
[WhiteFideId "4903250"]
[BlackFideId "5310504"]
[WhiteTeam "Mongolia"]
[BlackTeam "Lebanon"]

1. e4 e6 2. d4 d5 3. Nd2 c5 4. exd5 Qxd5 5. dxc5 Bxc5 6. Ngf3 Nf6 7. Bc4
Qh5 8. Qe2 Nc6 9. Ne4 Nxe4 10. Qxe4 O-O 11. O-O e5 12. Bd5 Bf5 13. Qc4 Bd6
14. c3 Rac8 15. Qh4 Bg4 16. Qxh5 Bxh5 17. Rd1 Bc5 18. h3 Rfe8 19. g4 Bg6
20. Nh4 Bb6 21. Nxg6 hxg6 22. Kf1 Kh7 23. Be3 Bxe3 24. fxe3 Re7 25. Ke2 g5
26. Rf1 Rcc7 27. Rad1 g6 28. Be4 Kg7 29. Rd6 Na5 30. Rd8 Nc6 31. Ra8 Red7
32. Rd1 Rxd1 33. Kxd1 a6 34. Ke2 Kf6 35. Bd5 Ke7 36. Kd3 Nd8 37. Ke4 f6 38.
c4 Rd7 39. b4 Kd6 40. Rc8 Ke7 41. c5 Nf7 42. Bb3 Nd8 43. Ba4 Rd2 44. Rc7+
Kf8 45. a3 Ra2 46. Rd7 Nc6 47. Rxb7 f5+ 48. gxf5 gxf5+ 49. Kxf5 Ne7+ 50.
Ke6 Rxa3 51. Rb8+ Kg7 52. Kxe7 Rxa4 53. c6 1-0

[Event "45th Olympiad 2024"]
[Site "Budapest HUN"]
[Date "2024.09.18"]
[Round "7.37"]
[White "Kassis, Antoine"]
[Black "Itgelt, Khuyagtsogt"]
[Result "0-1"]
[WhiteElo "2085"]
[BlackElo "2412"]
[TimeControl "40/5400+30:1800+30\""]
[EventDate "2024.09.11"]
[Board "4"]
[WhiteFideId "5300150"]
[BlackFideId "4902912"]
[WhiteTeam "Lebanon"]
[BlackTeam "Mongolia"]

1. e4 e6 2. d4 d5 3. Bd3 dxe4 4. Bxe4 Nf6 5. Bf3 c5 6. Ne2 Nc6 7. Be3 cxd4
8. Nxd4 Ne5 9. Nc3 a6 10. Qe2 Nxf3+ 11. Nxf3 b5 12. Rd1 Qc7 13. Bd4 Be7 14.
Ne5 Bb7 15. O-O O-O 16. Rd3 Rfd8 17. Rfd1 Rac8 18. a3 Bf8 19. Rg3 Qe7 20.
Qe3 a5 21. Nxb5 Rxc2 22. Qb3 Be4 23. Nc3 Qb7 24. Nxe4 Qxe4 25. Nf3 Nh5 26.
Rg5 Nf4 27. Re5 Qc6 28. Qe3 Ne2+ 29. Qxe2 Rxe2 30. Rxe2 f6 31. Rde1 e5 32.
Bc3 a4 33. h3 Bxa3 34. bxa3 Qxc3 35. Re3 Rd3 36. Rxd3 Qxd3 37. Re3 Qb1+ 38.
Kh2 Qc2 39. Kg1 Kf7 40. g3 g5 41. Kg2 h5 42. h4 g4 43. Ne1 Qc6+ 44. Kg1 Qc1
45. Kg2 Ke7 46. Kf1 Kd6 47. Kg2 e4 48. Kh2 f5 49. Kg2 Kd5 50. Kh2 Kd4 51.
Kg1 Kc4 52. Kh2 Qxe3 53. fxe3 Kb3 54. Kg2 Kxa3 55. Kf2 Kb2 56. Ke2 Kc1 0-1